| 000 | 00855nam a22002057a 4500 | ||
|---|---|---|---|
| 010 | _aENG-96801 | ||
| 020 |
_a9788121511971 _c650.00 |
||
| 035 | _aEN-80334 | ||
| 037 | _bDBAD/PUB | ||
| 082 | _a303.48254051 | ||
| 100 |
_aBagchi, Prabodh Chandra _91259 |
||
| 245 |
_aIndia and China : _ba thousand years of cultural relations / _cby Prabodh Chandra Bagchi ; revised and edited by Haraprasad Ray |
||
| 260 |
_aNew Delhi _bMunshiram Manoharlal _c2008 |
||
| 270 |
_aPO box 5715,54 Rani Jhansi Road _bNew Delhi _e110055 |
||
| 300 |
_axxi, 232 p _c21 cm. (Hb) |
||
| 500 | _ainculds bibliographical references and index | ||
| 700 |
_aRay, Haraprasad _91260 |
||
| 942 |
_2ddc _cEN _h30348254051 _mBAG |
||
| 999 |
_c37564 _d37564 |
||